Cesty racionalizácie V ŠKOLSKOM STRAVOVANÍ

Podrobná bibliografia
Hlavný autor: Šulcová, Eva (Autor)
Médium: Článok
Jazyk:slovenčina
Predmet:

MARC

LEADER 00000nab a2200000Ia 4500
001 vtls010822527
003 SK-MaSNL
005 20260303103823.0
008 230121|1976 xo |||||||||||||||||slo|
035 |a (urnnbn)urn:nbn:sk:snk:ar-a061p0 
035 |a urn:nbn:sk:snk-ab5phn 
035 |a (uuid)67f62351-91ae-4a95-a4a5-e1d7b38f9149 
040 |a SNKBUCL  |b slo  |c SNKBUCL  |e AACR2 
041 0 |a slo 
044 |a xo  |c SK 
080 |a 371.217.2  |2 2001 
080 |a 316.346.32-053.2  |2 2001 
080 |a 005.591  |2 2001 
100 1 |a Šulcová, Eva  |4 aut  |9 820554 
245 1 0 |a Cesty racionalizácie V ŠKOLSKOM STRAVOVANÍ  |c Eva Šulcová 
650 0 7 |a školské stravovanie  |2 SNKPH  |9 71306 
650 0 7 |a deti a mládež  |2 SNKPH  |9 774 
650 0 7 |a racionalizácia  |2 SNKPH  |9 938 
650 0 7 |a spoločné stravovanie  |2 SNKPH  |9 68123 
773 0 |t Výživa a zdravie : časopis pre výživu a zdravý životný štýl  |g Roč. 21, č. 8 (1976), s. 173-174 
954 |a odborná, vedecká literatúra pôvodná (slovenská)  |2 lita 
958 |a OND 
958 |a EUIPO 
958 |a article5 
999 |c 1852213  |d 1854143